FIFA World Cup 2026 - Colombia Squad - Statistics

General Stats
  • This quiz has been taken 8 times
  • The average score is 16 of 27
Answer Stats
Team # Position Club/Country Player % Correct
Colombia 23 CB Galatasaray Davinson Sánchez
100%
Colombia 10 AM Minnesota United FC James Rodríguez
100%
Colombia 16 DM Crystal Palace Jefferson Lerma
100%
Colombia 17 LB RCD Mallorca Johan Mojica
100%
Colombia 2 RB Crystal Palace Daniel Muñoz
83%
Colombia 1 GK Atlético Nacional David Ospina
83%
Colombia 3 CB Bologna FC 1909 Jhon Lucumí
83%
Colombia 7 LW Bayern Munich Luis Diaz
83%
Colombia 25 ST Sporting CP Luis Suárez
83%
Colombia 13 CB Cagliari Calcio Yerry Mina
83%
Colombia 19 ST Real Betis Balompié Cucho Hernández
67%
Colombia 9 ST FC Krasnodar Jhon Córdoba
67%
Colombia 20 AM CA River Plate Juan Fernando Quintero
67%
Colombia 6 DM SL Benfica Richard Ríos
67%
Colombia 26 LW Clube de Regatas Vasco da Gama Andrés Gómez
50%
Colombia 14 CM Racing Santander Gustavo Puerta
50%
Colombia 11 RW Sodiedade Esportiva Palmeiras Jhon Arias
50%
Colombia 4 RB CA Independiente Santiago Arias
50%
Colombia 12 GK Atlas Guadalajara Camilo Vargas
33%
Colombia 22 LB FC Nantes Deiver Machado
33%
Colombia 24 GK CA Vélez Sarsfield Álvaro Montero
17%
Colombia 21 LW CA Rosario Central Jáminton Campaz
17%
Colombia 8 AM CR Flamengo Jorge Carrascal
17%
Colombia 15 CM Club Athletico Paranaense Juan Portilla
17%
Colombia 5 DM CA River Plate Kevin Castaño
17%
Colombia Manager Argentina Néstor Lorenzo
17%
Colombia 18 CB CD Cruz Azul Willer Ditta
17%
No matching quizzes found
Score Distribution
Percent of People with Each Score
Percentile by Number Answered
Your Score History
You have not taken this quiz